000
00315nam a2200157Ia 4500
100
_a
Bansal/Rashmi
650
_a
Fiction
942
_c
BK
366
_f
20
245
_a
Stay hungry stay foolish
260
_b
IIT
_a
Ahmedabad
_c
2008
082
_a
808.3
_b
BAN
300
_a
325
546
_a
ENGLISH
999
_c
33506
_d
33506